| 000 | 00414nam a22001697a 4500 | ||
|---|---|---|---|
| 003 | BD-DhUL | ||
| 005 | 20210905111628.0 | ||
| 008 | 181226s1929 xx ||||| |||| 00| 0 urd d | ||
| 040 |
_aBD-DhUL _cBD-DhUL |
||
| 082 |
_a891.431 _bSHB |
||
| 100 | 0 |
_aشبیہ _d |
|
| 245 | 1 | 0 |
_aبورانی / _cشبیہ |
| 260 |
_a : _b، _c۔ |
||
| 300 |
_aص۔ ۱۶ ؛ _c۱۷ سم۔ |
||
| 650 | 4 | _aUrdu poetry | |
| 942 |
_2ddc _cBK |
||
| 999 |
_c245455 _d245455 |
||